[Event "HUN-chT2 Szechenyi 1011"]
[Site "Hungary"]
[Date "2011.03.27"]
[Round "7.8"]
[White "Szentmihalyi, Daniel"]
[Black "Magyar, Attila Andras"]
[Result "0-1"]
[WhiteElo "2013"]
[BlackElo "1777"]
[PlyCount "126"]
[EventDate "2010.09.12"]
[EventType "team-tourn"]
[EventRounds "11"]
[EventCountry "HUN"]
[SourceTitle "EXT 2012"]
[Source "ChessBase"]
[SourceDate "2011.11.24"]
[SourceVersion "1"]
[SourceVersionDate "2011.11.24"]
[SourceQuality "1"]
[WhiteTeam "FKMK"]
[BlackTeam "Tapolca"]
[WhiteTeamCountry "HUN"]
[BlackTeamCountry "HUN"]

1. e4 c5 2. c3 d6 3. d4 cxd4 4. cxd4 Nf6 5. Nc3 g6 6. Be3 a6 7. f3 Bg7 8. Bd3 0-0 9. Nge2 Nc6 10. a3 b5 11. 0-0 Bd7 12. Qd2 Re8 13. Rac1 Na5 14. Qc2 Qb6 15. b4 Nc6 16. Qd2 Qb7 17. Rfd1 Rac8 18. Kh1 e6 19. Bf4 d5 20. Bd6 dxe4 21. Nxe4 e5 22. Bc5 Nxe4 23. Bxe4 exd4 24. Nxd4 Qb8 25. Nxb5 Qxb5 26. Qxd7 Red8 27. Bxc6 Rxd7 28. Bxb5 Rxd1+ 29. Rxd1 axb5 30. h4 Bb2 31. Rd3 Ra8 32. Rd7 Rxa3 33. Rb7 Be5 34. Ra7 Rxa7 35. Bxa7 Bd6 36. Bd4 Bxb4 37. Bb2 Kf8 38. Kg1 Ke7 39. Kf2 Ke6 40. Ke3 Kd5 41. Kd3 Bd6 42. h5 Be5 43. Bc1 b4 44. Be3 b3 45. Kd2 b2 46. Kc2 Kc4 47. hxg6 hxg6 48. Bh6 Kd5 49. Be3 Ke6 50. g4 f5 51. gxf5+ gxf5 52. f4 Bf6 53. Ba7 Kd5 54. Bb6 Ke4 55. Bc7 Bd4 56. Kb1 Kf3 57. Bb8 Be3 58. Be5 Bc1 59. Bb8 Ke4 60. Kc2 Kd5 61. Bc7 Ke4 62. Be5 Kf3 63. Bb8 Bxf4 0-1

[Event "HUN-chT2 Szechenyi 1011"]
[Site "Hungary"]
[Date "2010.11.07"]
[Round "5.9"]
[White "Laszlo, Peter Miklos"]
[Black "Szentmihalyi, Daniel"]
[Result "1/2-1/2"]
[WhiteElo "1838"]
[BlackElo "2013"]
[PlyCount "91"]
[EventDate "2010.09.12"]
[EventType "team-tourn"]
[EventRounds "11"]
[EventCountry "HUN"]
[SourceTitle "EXT 2012"]
[Source "ChessBase"]
[SourceDate "2011.11.24"]
[SourceVersion "1"]
[SourceVersionDate "2011.11.24"]
[SourceQuality "1"]
[WhiteTeam "Ajka Banyasz"]
[BlackTeam "FKMK"]
[WhiteTeamCountry "HUN"]
[BlackTeamCountry "HUN"]

1. e4 e6 2. d3 d5 3. Nd2 c5 4. g3 Nc6 5. Bg2 Nf6 6. Ngf3 Bd6 7. 0-0 0-0 8. Re1 Bc7 9. c3 d4 10. c4 Rb8 11. Nb3 b6 12. Nh4 e5 13. Rf1 Bg4 14. f3 Bh5 15. Nf5 Ne8 16. h4 f6 17. g4 Bf7 18. g5 fxg5 19. Bxg5 Nf6 20. Qe1 Bg6 21. Bh3 Bxf5 22. Bxf5 Qd6 23. Qg3 Rbe8 24. Kh1 Rf7 25. Rg1 Nh5 26. Qg2 g6 27. Bg4 Nf4 28. Bxf4 Rxf4 29. h5 Kg7 30. Nc1 a6 31. Ne2 Rf6 32. Ng3 Kf7 33. Qh3 Rg8 34. Rg2 Nb4 35. Rd2 b5 36. a3 Nc6 37. b3 Ba5 38. Rc2 Bc3 39. Rb1 Qb8 40. Rcc1 Bd2 41. Rg1 Bf4 42. Ne2 g5 43. Kg2 h6 44. Rge1 b4 45. a4 Qd6 46. Rg1 1/2-1/2

[Event "HUN-chT2 Szechenyi 0910"]
[Site "Hungary"]
[Date "2010.02.28"]
[Round "7.8"]
[White "Foki, Robert"]
[Black "Szentmihalyi, Daniel"]
[Result "0-1"]
[WhiteElo "1906"]
[BlackElo "1732"]
[PlyCount "101"]
[EventDate "2009.11.08"]
[EventType "team-tourn"]
[EventRounds "11"]
[EventCountry "HUN"]
[SourceTitle "EXT 2011"]
[Source "ChessBase"]
[SourceDate "2010.11.26"]
[SourceVersion "1"]
[SourceVersionDate "2010.11.26"]
[SourceQuality "1"]
[WhiteTeam "Arboretum"]
[BlackTeam "FKMK"]
[WhiteTeamCountry "HUN"]
[BlackTeamCountry "HUN"]

1. d4 Nf6 2. Nf3 d5 3. c3 e6 4. Nbd2 c5 5. Qc2 Nc6 6. e3 Bd7 7. Be2 Qc7 8. a3 Bd6 9. h3 0-0-0 10. dxc5 Bxc5 11. b4 Bd6 12. Qb3 Kb8 13. Bb2 e5 14. c4 dxc4 15. Bxc4 Be8 16. Rc1 Qe7 17. Bc3 Rc8 18. 0-0 h6 19. Nh4 g6 20. a4 Bxb4 21. Bb5 Bxc3 22. Qxc3 Nd5 23. Qc4 Nc7 24. Nhf3 Bd7 25. Rb1 Nxb5 26. Qxb5 Rc7 27. Qb2 Rd8 28. Rfc1 Bc8 29. Qb5 e4 30. Rxc6 Rxc6 31. Qxc6 exf3 32. Nxf3 Rd1+ 33. Rxd1 bxc6 34. Nd4 Kc7 35. Rc1 Bb7 36. a5 a6 37. Ra1 Qb4 38. h4 c5 39. Rc1 Kd7 40. Ne2 Qxa5 41. Rb1 Bc6 42. Rc1 Qb4 43. f3 a5 44. Kf2 Qxh4+ 45. Kg1 a4 46. e4 Qe7 47. Rc3 Qd6 48. Kf2 Qd2 49. Rxc5 a3 50. Rc4 a2 51. Rc2 0-1

[Event "HUN-chT2 Szechenyi 0910"]
[Site "Hungary"]
[Date "2010.01.31"]
[Round "5.10"]
[White "Vincze, Otto"]
[Black "Szentmihalyi, Daniel"]
[Result "1/2-1/2"]
[WhiteElo "1946"]
[BlackElo "1732"]
[PlyCount "63"]
[EventDate "2009.11.08"]
[EventType "team-tourn"]
[EventRounds "11"]
[EventCountry "HUN"]
[SourceTitle "EXT 2011"]
[Source "ChessBase"]
[SourceDate "2010.11.26"]
[SourceVersion "1"]
[SourceVersionDate "2010.11.26"]
[SourceQuality "1"]
[WhiteTeam "Ajka Banyasz"]
[BlackTeam "FKMK"]
[WhiteTeamCountry "HUN"]
[BlackTeamCountry "HUN"]

1. e4 e6 2. d4 d5 3. Nd2 c5 4. c3 Nc6 5. Bb5 Bd7 6. exd5 exd5 7. Ndf3 a6 8. Bxc6 Bxc6 9. Ne2 c4 10. 0-0 Bd6 11. Ng3 Ne7 12. Bd2 Qc7 13. Re1 0-0 14. Qc2 f6 15. Nh4 Rae8 16. Nhf5 Nxf5 17. Qxf5 Qf7 18. Qf3 Qc7 19. b3 Bxg3 20. fxg3 Qb6 21. Rab1 Rxe1+ 22. Bxe1 Re8 23. Bd2 Re4 24. Qf5 Qc7 25. Bf4 Qe7 26. Qc8+ Qe8 27. Qxe8+ Rxe8 28. Kf2 Kf7 29. Re1 Rxe1 30. Kxe1 Ke6 31. Kf2 g6 32. Kf3 1/2-1/2

[Event "HUN-chT2 Szechenyi 0809"]
[Site "Hungary"]
[Date "2009.04.05"]
[Round "10.8"]
[White "Kirchner, Peter"]
[Black "Szentmihalyi, Daniel"]
[Result "1-0"]
[WhiteElo "2070"]
[BlackElo "1771"]
[PlyCount "77"]
[EventDate "2008.10.26"]
[EventType "tourn"]
[EventRounds "11"]
[EventCountry "HUN"]
[SourceTitle "EXT 2010"]
[Source "ChessBase"]
[SourceDate "2010.11.25"]
[SourceVersion "1"]
[SourceVersionDate "2010.11.25"]
[SourceQuality "1"]
[WhiteTeam "Zala Volan"]
[BlackTeam "Flesch"]
[WhiteTeamCountry "HUN"]
[BlackTeamCountry "HUN"]

1. e4 e6 2. Qe2 c5 3. Nf3 Nc6 4. g3 Nge7 5. Bg2 d5 6. d3 g6 7. 0-0 Bg7 8. c3 h6 9. Nbd2 b6 10. Rd1 Bb7 11. Nb3 Qc7 12. exd5 Nxd5 13. d4 cxd4 14. Nbxd4 0-0 15. Nxe6 Qe7 16. Rxd5 fxe6 17. Rd1 e5 18. Be3 e4 19. Nd4 Ne5 20. Bf4 g5 21. Bxe5 Qxe5 22. Rd2 Rae8 23. Nc2 Qa5 24. Qc4+ Kh8 25. Ne3 Ba6 26. Qb3 Bd3 27. Rad1 Qc5 28. Qd5 Qc7 29. Bf1 Re5 30. Qb3 Rb5 31. Qe6 Re5 32. Qg4 Qf7 33. Bxd3 exd3 34. Qc4 Re6 35. Qxd3 Rf6 36. Qc2 Qxa2 37. Nd5 R6f7 38. Qe4 Qa6 39. Ne7 1-0

[Event "HUN-chT2 Szechenyi 0809"]
[Site "Hungary"]
[Date "2008.12.21"]
[Round "4.7"]
[White "Szentmihalyi, Daniel"]
[Black "Kiraly, Ferenc"]
[Result "0-1"]
[WhiteElo "1771"]
[BlackElo "2000"]
[PlyCount "74"]
[EventDate "2008.10.26"]
[EventType "tourn"]
[EventRounds "11"]
[EventCountry "HUN"]
[SourceTitle "EXT 2010"]
[Source "ChessBase"]
[SourceDate "2010.11.25"]
[SourceVersion "1"]
[SourceVersionDate "2010.11.25"]
[SourceQuality "1"]
[WhiteTeam "Flesch"]
[BlackTeam "Alsoszolnok"]
[WhiteTeamCountry "HUN"]
[BlackTeamCountry "HUN"]

1. e4 e5 2. Nf3 Nc6 3. Bb5 a6 4. Ba4 Nf6 5. 0-0 b5 6. Bb3 Be7 7. Re1 d6 8. h3 Na5 9. c3 Nxb3 10. Qxb3 c5 11. d4 Qc7 12. d5 Bd7 13. Qc2 0-0 14. Nbd2 Nh5 15. g4 Nf4 16. Kh2 h5 17. gxh5 Nxh3 18. Nf1 f5 19. Re2 f4 20. N3d2 Rf6 21. f3 Rh6 22. Kh1 Rxh5 23. Nh2 Kf7 24. Ndf1 Rah8 25. Bd2 Ng5 26. Rg2 Bh3 27. Qd3 c4 28. Qe2 Nh7 29. Qd1 Bh4 30. Re2 Ng5 31. Kg1 Qc5+ 32. Ne3 Bg3 33. Qc1 Bxh2+ 34. Rxh2 Nxf3+ 35. Kf2 Nxh2 36. Ke2 fxe3 37. Bxe3 Qc8 0-1

[Event "HUN-chT2 Szechenyi 0809"]
[Site "Hungary"]
[Date "2008.11.30"]
[Round "3.9"]
[White "Szentmihalyi, Daniel"]
[Black "Bakos, Andrea"]
[Result "1/2-1/2"]
[WhiteElo "1771"]
[BlackElo "1889"]
[PlyCount "50"]
[EventDate "2008.10.26"]
[EventType "tourn"]
[EventRounds "11"]
[EventCountry "HUN"]
[SourceTitle "EXT 2010"]
[Source "ChessBase"]
[SourceDate "2010.11.25"]
[SourceVersion "1"]
[SourceVersionDate "2010.11.25"]
[SourceQuality "1"]
[WhiteTeam "Flesch"]
[BlackTeam "Tapolca II"]
[WhiteTeamCountry "HUN"]
[BlackTeamCountry "HUN"]

1. e4 d5 2. exd5 Nf6 3. d4 Nxd5 4. Nf3 Bg4 5. Be2 g6 6. h3 Bxf3 7. Bxf3 c6 8. 0-0 Bg7 9. c3 0-0 10. Na3 e6 11. Nc4 Na6 12. Ne3 Nac7 13. Ng4 Ne8 14. Bh6 Ndf6 15. Qd2 Nxg4 16. Bxg4 Nf6 17. Bf3 Re8 18. Bxg7 Kxg7 19. Rae1 e5 20. Rd1 exd4 21. Qxd4 Qxd4 22. Rxd4 Rad8 23. Rfd1 Rxd4 24. Rxd4 Re7 25. Kf1 Ne8 1/2-1/2

[Event "HUN-chT2 Szechenyi 0809"]
[Site "Hungary"]
[Date "2008.11.02"]
[Round "2.9"]
[White "Nagy, Kristof"]
[Black "Szentmihalyi, Daniel"]
[Result "1/2-1/2"]
[WhiteElo "1859"]
[BlackElo "1771"]
[PlyCount "46"]
[EventDate "2008.10.26"]
[EventType "tourn"]
[EventRounds "11"]
[EventCountry "HUN"]
[SourceTitle "EXT 2010"]
[Source "ChessBase"]
[SourceDate "2010.11.25"]
[SourceVersion "1"]
[SourceVersionDate "2010.11.25"]
[SourceQuality "1"]
[WhiteTeam "Baki Agrocentrum"]
[BlackTeam "Flesch"]
[WhiteTeamCountry "HUN"]
[BlackTeamCountry "HUN"]

1. e4 c6 2. d4 g6 3. Nc3 Bg7 4. Nf3 d5 5. exd5 cxd5 6. Bf4 a6 7. Be2 Bg4 8. h3 Bxf3 9. Bxf3 e6 10. 0-0 Nc6 11. Be3 Nge7 12. Qd2 0-0 13. Ne2 Nf5 14. c3 Na5 15. b3 Nc6 16. Bg4 Nd6 17. Bf3 Ne7 18. g3 Rc8 19. Rac1 Nef5 20. Bg2 Qa5 21. Rc2 b5 22. Rfc1 Nxe3 23. Qxe3 Nf5 1/2-1/2